[Event "Cto. Autonómico por Equipos 2007"]
[Site "Aragón"]
[Date "2007.03.17"]
[Round "8.30"]
[White "Guetas Sanchez Hugo"]
[Black "Martin Catalan Juan Vicente"]
[Result "1-0"]
[WhiteElo "2085"]
[BlackElo "2106"]

1.e4 c5 2.Nc3 Nc6 3.g3 g6 4.Bg2 Bg7 5.d3 d6 6.Be3 e5 7.Qd2 Nge7 8.f4 O-O 9.Nf3
Nd4 10.O-O exf4 11.Bxf4 Nxf3+ 12.Rxf3 Qb6 13.Rb1 Be6 14.Be3 Nc6 15.Rff1 Ne5
16.b4 Ng4 17.bxc5 Qa6 18.Nb5 Nxe3 19.Qxe3 dxc5 20.e5 Qxa2 21.c4 Rad8 22.Rfc1
Bf5 23.Bd5 Rfe8 24.Nc3 Qa3 25.Rxb7 Bxe5 26.Bxf7+ Kh8 27.Nb5 Bd4 28.Qxd4+ Rxd4
29.Nxa3 Re2 30.Rc2 Re1+ 31.Kf2 Re5 32.Re2 Rxe2+ 33.Kxe2 Rxd3 34.Rxa7 Rb3 35.
Bd5 Rb2+ 36.Kf3 Rxh2 37.g4 Rh3+ 38.Kf4 Rh4 39.Bf3 Bxg4 40.Kg5 1-0

[Event "Cto. Autonómico por Equipos 2007"]
[Site "Aragón"]
[Date "2007.03.17"]
[Round "8.31"]
[White "Gil David"]
[Black "Escuer Sanchez Nestor"]
[Result "0-1"]
[WhiteElo "1954"]
[BlackElo "2061"]

1.Nf3 d5 2.g3 Nf6 3.Bg2 c5 4.c4 e6 5.O-O Be7 6.d3 O-O 7.Nbd2 Nc6 8.b3 d4 9.a3
a5 10.Qc2 e5 11.e4 dxe3 12.fxe3 Ng4 13.Ne4 f5 14.Nc3 Be6 15.h3 Nh6 16.Bb2 Bf6
17.Rad1 Qd7 18.d4 exd4 19.exd4 Nxd4 20.Nxd4 Bxd4+ 21.Kh2 f4 22.Rxf4 Rxf4 23.
gxf4 Nf5 24.Nd5 Qd6 25.Re1 Rf8 26.Bxd4 Nxd4 27.Qe4 Kh8 28.Qe5 Qxe5 29.Rxe5 g6
30.Nc7 Bg8 31.Rxc5 Nxb3 32.Rb5 Bxc4 33.Rxb7 Rxf4 34.Rb8+ Kg7 35.Ne8+ Kh6 36.
Nd6 Be6 37.Rb6 Nd4 38.Kg3 Ne2+ 39.Kh2 Bf5 40.Rb5 a4 41.Nxf5+ Rxf5 42.Rb2 Nc3
43.Rb4 Rc5 44.Kg3 Nb5 45.Rxa4 Rc3+ 46.Kh2 Rxa3 47.Rxa3 Nxa3 48.Kg3 Kg5 49.Be4
Nb5 50.Bd3 Nd4 51.Bb5 Nf5+ 52.Kg2 Kf4 53.Bd7 Ne3+ 54.Kh2 Kf3 55.Bc6+ Kf2 56.
Bb5 g5 57.Bc6 h5 58.Be8 h4 59.Bb5 Nf1+ 60.Kh1 Nd2 61.Ba6 Kg3 62.Bc8 Ne4 63.Bd7
Nf2+ 0-1

[Event "Cto. Autonómico por Equipos 2007"]
[Site "Aragón"]
[Date "2007.03.17"]
[Round "8.32"]
[White "Andreu Sin Raul"]
[Black "Vicente Sanz Fernando"]
[Result "1-0"]
[WhiteElo "2041"]
[BlackElo "1938"]

1.c4 Nf6 2.Nc3 g6 3.g3 Bg7 4.Bg2 O-O 5.d4 d6 6.e3 Nbd7 7.Nge2 e5 8.O-O c6 9.b3
Re8 10.Ba3 Qc7 11.Rc1 Bf8 12.e4 Qa5 13.Bb2 b5 14.cxb5 cxb5 15.a3 Bb7 16.Qd3 a6
17.b4 Qb6 18.Kh1 Rac8 19.f4 exd4 20.Nxd4 Rc4 21.Rcd1 Bg7 22.Bf3 h5 23.h3 Nh7
24.Nde2 Bf8 25.e5 Bxf3+ 26.Rxf3 Qc6 27.Kg2 Nb8 28.Nd4 Qb6 29.e6 Nc6 30.Nd5 Qa7
31.Nxc6 Rxc6 32.f5 g5 33.exf7+ Qxf7 34.f6 Rc4 35.Ne7+ Kh8 36.Qg6 1-0

[Event "Cto. Autonómico por Equipos 2007"]
[Site "Aragón"]
[Date "2007.03.17"]
[Round "8.33"]
[White "Glavina Rossi Pablo"]
[Black "Abril Avellanas Eduardo"]
[Result "1/2-1/2"]
[WhiteElo "2452"]
[BlackElo "2196"]

1.e4 c5 2.c3 Nf6 3.e5 Nd5 4.d4 cxd4 5.Nf3 Nc6 6.cxd4 d6 7.Bc4 e6 8.O-O Be7 9.
Qe2 O-O 10.Rd1 Bd7 11.h3 Rc8 12.Bxd5 exd5 13.Nc3 Be6 14.Bf4 a6 15.Rac1 Re8 16.
Qd2 b5 17.Re1 dxe5 18.dxe5 d4 19.Ne4 Bb4 20.Qd1 Bxe1 21.Qxe1 Bd5 22.Nd6 Bxf3
23.Nxe8 Qxe8 24.gxf3 Qd7 25.Qe4 h6 26.Rc5 Ne7 27.Rxc8+ 1/2-1/2

[Event "Cto. Autonómico por Equipos 2007"]
[Site "Aragón"]
[Date "2007.03.17"]
[Round "8.34"]
[White "Gella Lopez Angel"]
[Black "Gimenez Martinez Alberto"]
[Result "0-1"]
[WhiteElo "2106"]
[BlackElo "2066"]

1.d4 Nf6 2.c4 c5 3.d5 e6 4.Nc3 exd5 5.cxd5 d6 6.e4 g6 7.Nf3 Bg7 8.Be2 O-O 9.
O-O Re8 10.Nd2 Nbd7 11.a4 a6 12.Ra3 Rb8 13.a5 Qc7 14.Qc2 Ne5 15.f4 Ned7 16.Nc4
b5 17.axb6 Nxb6 18.Na5 Ra8 19.Kh1 Bd7 20.Be3 Nxe4 21.Nxe4 Bf5 22.Bf3 Nxd5 23.
Bd2 Rab8 24.Nc4 Nb4 25.Bxb4 cxb4 26.Ra5 Rb5 27.Rxb5 axb5 28.Qe2 Bxe4 29.Nd2
Bc6 30.Qd3 Bxf3 31.Nxf3 Qc4 32.Rd1 Qxd3 33.Rxd3 Bxb2 34.Rxd6 Bc3 35.Rb6 Rd8
36.Kg1 Rd5 37.Rb8+ Kg7 38.Ng5 b3 39.Ne4 Bd4+ 40.Kf1 b2 41.Nd2 Bc3 42.Nb1 Rd1+
0-1

[Event "Cto. Autonómico por Equipos 2007"]
[Site "Aragón"]
[Date "2007.03.17"]
[Round "8.35"]
[White "Labena Bernal Antonio"]
[Black "Laplaza Ara Carlos"]
[Result "1-0"]
[WhiteElo "2037"]
[BlackElo "2043"]

1.e4 e5 2.Nf3 Nc6 3.Nc3 Nf6 4.d4 exd4 5.Nxd4 Bb4 6.Nxc6 bxc6 7.Bd3 h6 8.e5 Qe7
9.O-O Bxc3 10.bxc3 Nh7 11.Qg4 Kf8 12.Qa4 Kg8 13.Ba3 Qg5 14.f4 Qh4 15.Qa5 Qd8
16.Bd6 1-0

[Event "Cto. Autonómico por Equipos 2007"]
[Site "Aragón"]
[Date "2007.03.17"]
[Round "8.36"]
[White "Gella Bitrian Diego"]
[Black "Ananos Palacios David"]
[Result "0-1"]
[WhiteElo "2009"]
[BlackElo "1812"]

1.e4 c5 2.Nf3 d6 3.d4 Nf6 4.Nc3 cxd4 5.Nxd4 a6 6.Be3 e6 7.f3 b5 8.Qd2 Nbd7 9.
g4 Nb6 10.O-O-O Bb7 11.Qg2 Nfd7 12.Kb1 Rc8 13.f4 Rxc3 14.bxc3 Na4 15.Bd2 Qc7
16.Qf3 Nf6 17.Bd3 Qc5 18.Ne2 d5 19.e5 Nd7 20.Rhf1 Be7 21.Qe3 Qa3 22.Bc1 Nxc3+
23.Nxc3 Qxc3 24.Bb2 Qa5 25.Be2 Bc5 26.Qg3 Nb6 27.f5 Nc4 28.Bxc4 bxc4 29.fxe6
fxe6 30.Qc3 Qb5 31.g5 d4 32.Qh3 Bd5 33.Kc1 c3 34.Bxc3 Ba3+ 35.Kd2 dxc3+ 36.Ke1
Qc4 37.Qe3 Bc5 38.Qf4 Qxf4 39.Rxf4 Rf8 40.Ra4 Bf2+ 41.Kf1 Be3+ 42.Ke1 Bd2+ 0-1

[Event "Cto. Autonómico por Equipos 2007"]
[Site "Aragón"]
[Date "2007.03.17"]
[Round "8.37"]
[White "Portero Garnica Miguel Angel"]
[Black "Gavin Roche Enrique"]
[Result "0-1"]
[WhiteElo "2175"]
[BlackElo "2261"]

1.e4 d6 2.d4 Nf6 3.Nc3 e5 4.Bg5 Nbd7 5.f4 h6 6.fxe5 hxg5 7.exf6 Nxf6 8.e5 Nh5
9.Qf3 c6 10.O-O-O g4 11.Qf2 d5 12.Bd3 Qg5+ 13.Kb1 Qf4 14.Qxf4 Nxf4 15.g3 Nxd3
16.Rxd3 Bf5 17.Rd1 Bb4 18.Nge2 g6 19.a3 Be7 20.Nf4 Kd7 21.Rd2 Rh7 22.Rf1 b5
23.Nd1 Rah8 24.Rff2 Bg5 25.Ne3 Be6 26.Rde2 Bxf4 27.gxf4 Rh3 28.Nf1 Bf5 29.Ng3
a5 30.b4 Ra8 31.Kb2 axb4 32.axb4 Ra4 33.Kb3 Rh8 34.c3 Bd3 0-1

[Event "Cto. Autonómico por Equipos 2007"]
[Site "Aragón"]
[Date "2007.03.17"]
[Round "8.38"]
[White "Van Ojik Mark"]
[Black "Jario Garcia Ricardo Javier"]
[Result "1-0"]
[WhiteElo "2186"]
[BlackElo "2161"]

1.e4 e5 2.Nf3 Nf6 3.Nc3 Bb4 4.Nd5 Nxd5 5.exd5 e4 6.Nd4 Qg5 7.c4 c6 8.Nc2 Be7
9.d4 Qg6 10.g3 cxd5 11.cxd5 b6 12.Be2 Bb7 13.Ne3 Na6 14.O-O Nc7 15.Bh5 Qd6 16.
Nf5 Qxd5 17.Nxg7+ Kd8 18.Qg4 Rg8 19.Bh6 Kc8 20.Nf5 Re8 21.Rac1 Bb4 22.Ne3 Qe6
23.Bf4 d6 24.a3 Bd2 25.Bxd6 Bxc1 26.Rxc1 Qxg4 27.Rxc7+ Kd8 28.Bxg4 Bc8 29.Rxf7
Bxg4 30.Nxg4 Rc8 31.Rxh7 Rc1+ 32.Kg2 a5 33.Nf6 1-0

[Event "Cto. Autonómico por Equipos 2007"]
[Site "Aragón"]
[Date "2007.03.17"]
[Round "8.39"]
[White "Fabre Perez Jose Maria"]
[Black "Ferrer Echavarri Francisco Javier"]
[Result "1/2-1/2"]
[WhiteElo "2089"]
[BlackElo "2023"]

1.e4 d6 2.d4 Nf6 3.Nc3 e5 4.Nf3 Nbd7 5.Bc4 Be7 6.dxe5 Nxe5 7.Nxe5 dxe5 8.Qe2
c6 9.f3 O-O 10.Be3 Qc7 11.O-O b5 12.Bb3 Bb7 13.Qf2 a6 14.Rad1 c5 15.Bd5 Nxd5
16.Nxd5 Bxd5 17.Rxd5 Rac8 18.Qg3 f6 19.Bh6 Rf7 20.Rfd1 c4 21.Qg4 Rd8 22.Be3
Rxd5 23.Rxd5 Qc6 24.Qd7 Qxd7 25.Rxd7 Bc5 26.Rd8+ Rf8 27.Rxf8+ Bxf8 28.Kf2 Kf7
29.Ke2 Ke6 30.a3 Bd6 31.Kd2 Bc7 32.Bc5 Ba5+ 33.Ke3 Bc7 34.g3 g5 35.g4 Ba5 36.
b3 cxb3 37.cxb3 Bd8 38.a4 Be7 39.Bb6 Kd7 40.Kd3 Kc6 41.Bf2 Bc5 42.Be1 b4 43.h4
h6 44.a5 Kb5 45.h5 Bd4 46.Bd2 Bc5 47.Be1 Bd4 48.Bg3 Kc5 49.Be1 Kb5 50.Bd2 Bc5
51.Be1 Bd4 1/2-1/2

[Event "Cto. Autonómico por Equipos 2007"]
[Site "Aragón"]
[Date "2007.03.17"]
[Round "8.40"]
[White "Navarro Sancho Rafael"]
[Black "Gaspar Calvo Luis Alberto"]
[Result "0-1"]
[WhiteElo "1961"]
[BlackElo "1930"]

1.e4 e5 2.Nc3 Nf6 3.Nf3 Nc6 4.Bb5 Nd4 5.Nxd4 exd4 6.Ne2 Bc5 7.d3 c6 8.Bc4 d5
9.exd5 Nxd5 10.O-O O-O 11.Ng3 b5 12.Bb3 a5 13.a4 b4 14.Qh5 Ba7 15.Re1 Bb7 16.
Bg5 Qd7 17.Nf5 Qxf5 18.Qh4 Rfe8 19.Bd2 c5 20.g4 Qf3 21.Qg3 Qxg3+ 22.hxg3 Kf8
23.Kg2 Rxe1 24.Rxe1 Re8 25.f3 Rxe1 26.Bxe1 Ne3+ 27.Kf2 Nd1+ 28.Ke2 Nxb2 0-1

[Event "Cto. Autonómico por Equipos 2007"]
[Site "Aragón"]
[Date "2007.03.17"]
[Round "8.41"]
[White "Galvez Perez Jose Luis"]
[Black "Garcia Ramon Ricardo1"]
[Result "0-1"]
[WhiteElo "2125"]
[BlackElo "2099"]

1.c4 e5 2.g3 Nf6 3.Bg2 Nc6 4.Nc3 Bb4 5.Nd5 Bc5 6.e3 O-O 7.Ne2 d6 8.O-O Bf5 9.
d4 Bb6 10.a3 Nd7 11.b4 a6 12.Bb2 Rb8 13.Rc1 Ne7 14.Nxe7+ Qxe7 15.c5 Ba7 16.c6
bxc6 17.Rxc6 Bb6 18.Qd2 Nf6 19.dxe5 dxe5 20.Qc3 Bd7 21.Rxc7 Bxc7 22.Qxc7 Rbc8
23.Qxe5 Qxe5 24.Bxe5 Bb5 25.Re1 Bxe2 26.Rxe2 Rc1+ 27.Bf1 Rd8 28.Bb2 Rb1 29.Kg2
Kf8 30.Rc2 Rd6 31.Be5 Re6 32.Bd4 Ke8 33.Bd3 Rd1 34.Bf5 Rd6 35.Rc8+ Rd8 36.Rc6
Rd5 37.Bc2 Rd2 38.Ba4 Ke7 39.Bc5+ Kd8 40.Rxa6 Ne4 41.Bb6+ Kc8 42.Bc6 Rxf2+ 43.
Kh3 Rh5+ 44.Kg4 Nf6# 0-1

[Event "Cto. Autonómico por Equipos 2007"]
[Site "Aragón"]
[Date "2007.03.17"]
[Round "8.42"]
[White "Forcen Esteban Daniel"]
[Black "Vera Aranjuelo Jesus Maria"]
[Result "1-0"]
[WhiteElo "2114"]
[BlackElo "2083"]

1.e4 c6 2.d4 d5 3.Nc3 dxe4 4.Nxe4 Bf5 5.Ng3 Bg6 6.Nf3 Nd7 7.h4 h6 8.h5 Bh7 9.
Bd3 Bxd3 10.Qxd3 Qc7 11.Bd2 e6 12.c4 Ngf6 13.O-O-O O-O-O 14.Kb1 Bd6 15.Ne4
Nxe4 16.Qxe4 Nf6 17.Qe2 c5 18.Bc3 cxd4 19.Nxd4 a6 20.Nf3 Qe7 21.Ne5 Bc7 22.f4
Rxd1+ 23.Rxd1 Rd8 24.Rxd8+ Bxd8 25.g4 Ne8 26.Qd3 Bc7 27.a3 Bxe5 28.Bxe5 f6 29.
Bc3 Nd6 30.Bb4 Kc7 31.c5 Nb5 32.c6 Qe8 33.a4 Na7 34.Qd7+ Qxd7 35.cxd7 Kxd7 36.
Bf8 Nc6 37.Bxg7 Ke7 38.Bxh6 Nd4 39.Kc1 f5 40.gxf5 exf5 41.Bg5+ Kf7 42.Kd2 Ne6
43.a5 Ng7 44.h6 Ne6 45.b4 Kg6 46.Kd3 Nc7 47.Kd4 Ne6+ 48.Kd5 Nf8 49.Be7 Nh7 50.
Ke6 Kxh6 51.Kxf5 Kg7 52.Ke6 1-0

[Event "Cto. Autonómico por Equipos 2007"]
[Site "Aragón"]
[Date "2007.03.17"]
[Round "8.43"]
[White "Carraminana Lopez Luis Antonio"]
[Black "Martinez Cebolla Alberto"]
[Result "1/2-1/2"]
[WhiteElo "1967"]
[BlackElo "2021"]

1.e4 e5 2.Nf3 Nc6 3.Bc4 Nf6 4.d3 Be7 5.O-O O-O 6.a3 d6 7.Nc3 Bg4 8.h3 Bh5 9.
Be3 Qd7 10.Nd5 Kh8 11.Nxf6 gxf6 12.g4 Rg8 13.Nh2 f5 14.exf5 d5 15.Bb5 Qxf5 16.
Qf3 Qe6 17.c4 d4 18.Bd2 f5 19.Qd5 Bf7 20.Qxe6 Bxe6 21.f3 h5 22.Kf2 fxg4 23.
hxg4 hxg4 24.Nxg4 Bh4+ 25.Ke2 Bxg4 26.Rh1 Bxf3+ 27.Kxf3 Raf8+ 28.Ke2 Rg2+ 29.
Kd1 Rg4 30.Be1 Rff4 31.Bxc6 bxc6 32.Bd2 Rf5 33.Be1 Rff4 34.Bd2 1/2-1/2

[Event "Cto. Autonómico por Equipos 2007"]
[Site "Aragón"]
[Date "2007.03.17"]
[Round "8.44"]
[White "Antolin Concha Diego"]
[Black "Garcia Lopez Alberto J"]
[Result "0-1"]
[WhiteElo "1954"]
[BlackElo "1965"]

1.e4 d6 2.d4 Nf6 3.Nc3 g6 4.f4 Bg7 5.Nf3 c6 6.Be3 O-O 7.Qd2 b5 8.Bd3 a5 9.h3
b4 10.Ne2 Ba6 11.O-O Nfd7 12.e5 Bxd3 13.Qxd3 Qc7 14.Ng3 Rd8 15.Qb3 d5 16.c3
Na6 17.a3 c5 18.axb4 cxb4 19.Rfc1 Qb6 20.c4 dxc4 21.Qxc4 Rac8 22.Qb3 e6 23.Ne4
Bf8 24.Nfd2 Qb5 25.Qa4 Rxc1+ 0-1

[Event "Cto. Autonómico por Equipos 2007"]
[Site "Aragón"]
[Date "2007.03.17"]
[Round "8.45"]
[White "Bayod Rubia Angel"]
[Black "Malo Guillen Jose Luis"]
[Result "0-1"]
[WhiteElo "2080"]
[BlackElo "2198"]

1.e4 d6 2.d4 Nf6 3.Nc3 g6 4.Nf3 Bg7 5.h3 O-O 6.Be3 c6 7.Bd3 Nbd7 8.Qd2 Re8 9.
O-O-O b5 10.e5 b4 11.exf6 bxc3 12.Qxc3 Nxf6 13.Qxc6 Be6 14.Qa4 Nd5 15.Bd2 Rb8
16.b3 Qc8 17.Qa5 Bf5 18.Bxf5 Qxf5 19.Kb2 Rec8 20.c3 e6 21.a3 Qd3 22.Rc1 Qc4
23.b4 Nb6 24.Rc2 Qc6 25.Qg5 Nc4+ 26.Kb3 h6 27.Qf4 Qd5 28.Bc1 Nd2+ 0-1

[Event "Cto. Autonómico por Equipos 2007"]
[Site "Aragón"]
[Date "2007.03.17"]
[Round "8.46"]
[White "Alonso Blasco Jose Miguel"]
[Black "Lopez Guaita Fernando"]
[Result "1/2-1/2"]
[WhiteElo "2107"]
[BlackElo "2066"]

1.e4 d6 2.d4 e5 3.dxe5 dxe5 4.Qxd8+ Kxd8 5.Bc4 f6 6.f4 Bb4+ 7.c3 Bd6 8.fxe5
Bxe5 9.Nf3 Nd7 10.O-O Ne7 11.Be3 Nc6 12.Nd4 Nb6 13.Nxc6+ bxc6 14.Bb3 Ke7 15.
Nd2 Be6 16.Nf3 Nc4 17.Nxe5 Nxe3 18.Nxc6+ Kd6 19.Bxe6 Kxc6 20.Rf3 Rhe8 21.Bd5+
Nxd5 22.exd5+ Kxd5 23.Rd1+ Kc6 24.Rfd3 Re7 25.Kf2 Rae8 26.R1d2 Rb8 27.Rd4 Rb5
28.Rc4+ Kb6 29.Rf4 Rbe5 30.h3 Re1 31.Rb4+ Kc6 32.Ra4 Kb6 1/2-1/2

[Event "Cto. Autonómico por Equipos 2007"]
[Site "Aragón"]
[Date "2007.03.17"]
[Round "8.47"]
[White "Bailo Remacha Santiago"]
[Black "Querol Soro Sergio"]
[Result "1-0"]
[WhiteElo "2039"]
[BlackElo "1979"]

1.d4 Nf6 2.g3 g6 3.b3 Bg7 4.Bb2 c5 5.Bg2 O-O 6.dxc5 Qa5+ 7.Qd2 Qxc5 8.c4 Nc6
9.Nc3 d6 10.Nf3 Bf5 11.O-O Rad8 12.Nh4 Bc8 13.e4 Qd4 14.Qe2 Bg4 15.Nf3 Nxe4
16.Nxd4 Bxe2 17.Ncxe2 1-0

[Event "Cto. Autonómico por Equipos 2007"]
[Site "Aragón"]
[Date "2007.03.17"]
[Round "8.48"]
[White "Artal Alegria Francisco Javier"]
[Black "Dominguez Castillo Alejandro"]
[Result "1-0"]
[WhiteElo "1966"]
[BlackElo "1794"]

1.d4 Nf6 2.Nf3 g6 3.g3 Bg7 4.Bg2 O-O 5.c4 d6 6.O-O Nbd7 7.Nc3 e5 8.e4 exd4 9.
Nxd4 Ne5 10.b3 Bg4 11.f3 Bd7 12.h3 Qc8 13.Kh2 Ne8 14.Bb2 Nc6 15.Nd5 Qd8 16.
Nxc6 Bxc6 17.Bxg7 Nxg7 18.f4 Bd7 19.Qd4 f6 20.e5 fxe5 21.fxe5 Nf5 22.Qc3 dxe5
23.Qxe5 c6 24.g4 Re8 25.Nf6+ 1-0

[Event "Cto. Autonómico por Equipos 2007"]
[Site "Aragón"]
[Date "2007.03.17"]
[Round "8.49"]
[White "Leon Fernandez Mario"]
[Black "Sanchez Herrera Miguel"]
[Result "1-0"]
[WhiteElo "2064"]
[BlackElo "2210"]

1.d4 f5 2.Nf3 Nf6 3.c4 e6 4.g3 Be7 5.Bg2 O-O 6.Nc3 d5 7.Qb3 c6 8.O-O Nbd7 9.
Bg5 Ne4 10.Bxe7 Qxe7 11.Rad1 Kh8 12.e3 b6 13.Qa4 Bb7 14.Nd2 Rf6 15.f3 Nxc3 16.
bxc3 dxc4 17.Qxc4 c5 18.e4 Rc8 19.Qd3 Rff8 20.Rb1 Nf6 21.Qe3 Qd7 22.Nb3 cxd4
23.cxd4 Rc2 24.Rf2 Rfc8 25.Qd3 R2c3 26.Qe2 h6 27.Qe1 a5 28.Nc5 Qxd4 29.Nxb7
Rd3 30.Kh1 Rc7 31.Nd6 Re3 32.Qd1 Rd3 33.Qf1 Rd7 34.Nb5 Qa4 35.Re2 fxe4 36.fxe4
Ng4 37.e5 Ne3 38.Qf8+ Kh7 39.Nd6 Nxg2 40.Kxg2 Qc6+ 41.Kh3 Rf3 42.Rc1 Qd5 43.
Qc8 Ra7 44.Qc2+ g6 45.Qe4 Qxe4 46.Rxe4 Rf2 47.a4 g5 48.Rec4 Kg6 49.R1c2 Rf1
50.Re2 Ra8 51.Rc8 Ra7 52.Re8 Rg1 53.Rxe6+ Kg7 54.Nf5+ Kg8 55.Rxh6 Rf1 56.Rf6
Kh7 1-0

[Event "Cto. Autonómico por Equipos 2007"]
[Site "Aragón"]
[Date "2007.03.17"]
[Round "8.50"]
[White "Carruez Berges Fernando"]
[Black "Cebollada Pacheco Jesus Raul"]
[Result "1-0"]
[WhiteElo "2010"]
[BlackElo "2180"]

1.Nf3 Nf6 2.d4 e6 3.Bg5 h6 4.Bh4 b6 5.e3 Bb7 6.Bd3 c5 7.Nbd2 Nc6 8.c3 Rc8 9.
O-O Be7 10.Rc1 O-O 11.Qe2 cxd4 12.exd4 Nd5 13.Bg3 f5 14.Ne5 Nxe5 15.Bxe5 Bg5
16.Bd6 Nf4 17.Bxf4 Bxf4 18.Rcd1 Bxh2+ 19.Kxh2 Qh4+ 20.Kg1 Bxg2 21.Kxg2 Rf6 22.
Rg1 Rg6+ 23.Kf3 Qh5+ 24.Kf4 Qh4+ 25.Kf3 Qh5+ 26.Ke3 f4+ 27.Kxf4 Rf8+ 28.Ke3
Qh2 29.Bxg6 e5 30.Rg3 exd4+ 31.cxd4 Qh4 32.Qg4 1-0

[Event "Cto. Autonómico por Equipos 2007"]
[Site "Aragón"]
[Date "2007.03.17"]
[Round "8.51"]
[White "Quintin Navarro Alberto"]
[Black "Mimbela Luis"]
[Result "1/2-1/2"]
[WhiteElo "1907"]
[BlackElo "2174"]

1.e4 d6 2.d4 Nf6 3.Nc3 g6 4.f3 c6 5.Be3 b5 6.Qd2 Nbd7 7.h4 h5 8.Bd3 a6 9.Nh3
Bb7 10.Ng5 e5 11.a4 Bg7 12.d5 cxd5 13.exd5 bxa4 14.Rxa4 O-O 15.Nce4 Nxe4 16.
Nxe4 Nf6 17.Nxf6+ Bxf6 18.Bh6 Re8 19.Bg5 Bxg5 20.hxg5 Bxd5 21.Bxg6 fxg6 22.
Qxd5+ Kg7 23.Rxa6 Rxa6 24.Qb7+ Qe7 25.Qxa6 Qxg5 26.O-O Qe3+ 27.Kh1 Qd4 28.c3
Qc5 29.Rd1 Re6 30.Qb7+ Kf6 31.Qb8 Kg5 32.Qd8+ Rf6 33.Qd7 Qf2 34.Rxd6 Qe1+
1/2-1/2

[Event "Cto. Autonómico por Equipos 2007"]
[Site "Aragón"]
[Date "2007.03.17"]
[Round "8.52"]
[White "Martin Fernando"]
[Black "Ananos Palacios Diego"]
[Result "0-1"]
[WhiteElo "1627"]
[BlackElo "1900"]

1.d4 Nf6 2.Nf3 e6 3.Bf4 d5 4.c3 c5 5.e3 b6 6.Ne5 Bb7 7.Bb5+ Nbd7 8.Bg5 Bc8 9.
Qa4 a6 10.Bxf6 gxf6 11.Bc6 b5 12.Bxb5 fxe5 13.dxe5 Bb7 14.Be2 c4 15.Nd2 Qc7
16.Bh5 Bc6 17.Qd1 Nxe5 18.Be2 Rb8 19.b3 cxb3 20.axb3 Bb5 21.Rc1 Bxe2 22.Qxe2
Qa5 23.O-O Bg7 24.f4 Nd7 25.f5 Bxc3 26.fxe6 fxe6 27.Qh5+ Ke7 28.Rf7+ Kd6 29.
Nf3 Rbf8 30.Rxh7 Rxh7 31.Qxh7 Rh8 32.Qg6 Ne5 33.Ng5 Nxg6 0-1

[Event "Cto. Autonómico por Equipos 2007"]
[Site "Aragón"]
[Date "2007.03.17"]
[Round "8.53"]
[White "Peris Gerardo"]
[Black "Laliena Solares Luis"]
[Result "0-1"]
[WhiteElo "1899"]
[BlackElo "2175"]

1.Nf3 Nf6 2.c4 c5 3.Nc3 g6 4.g3 Bg7 5.Bg2 Nc6 6.O-O d5 7.cxd5 Nxd5 8.Ne1 Nxc3
9.bxc3 Bxc3 10.Rb1 Bg7 11.Qa4 O-O 12.Ba3 Nd4 13.Qc4 b6 14.Bd5 Nxe2+ 15.Kh1 Bf5
16.Nf3 Bxb1 17.Rxb1 Nd4 18.Nxd4 Bxd4 19.Bxa8 Qxa8+ 20.Kg1 Qf3 0-1

[Event "Cto. Autonómico por Equipos 2007"]
[Site "Aragón"]
[Date "2007.03.17"]
[Round "8.54"]
[White "Latorre Abad Fernando"]
[Black "Lara Pueyo Felix"]
[Result "1-0"]
[WhiteElo "2065"]
[BlackElo "1875"]

1.e4 e5 2.d4 exd4 3.Qxd4 Nc6 4.Qe3 d6 5.Nc3 Nf6 6.f3 g6 7.Bd2 Bg7 8.O-O-O O-O
9.g4 Ne5 10.g5 Nh5 11.f4 Ng4 12.Qf3 Bd4 13.Nh3 f5 14.exf5 Bxf5 15.Qd5+ Kh8 16.
Qxd4+ Ng7 17.Be2 c5 18.Qg1 Qd7 19.Nf2 Nxf2 20.Qxf2 a6 21.Nd5 Qa4 22.Bd3 Qxa2
23.Nc3 Qa1+ 24.Nb1 Be6 25.Bc3 b5 26.Rhe1 Qa2 27.Re3 c4 28.Bxg6 hxg6 29.Rxe6
Rf7 30.Rxg6 1-0

[Event "Cto. Autonómico por Equipos 2007"]
[Site "Aragón"]
[Date "2007.03.17"]
[Round "8.55"]
[White "Lancis JJ"]
[Black "Cobo Israel"]
[Result "0-1"]
[WhiteElo "1818"]
[BlackElo "1969"]

1.d4 d5 2.c4 c6 3.cxd5 cxd5 4.Nc3 Nf6 5.Bg5 Nc6 6.e3 e6 7.a3 Bd7 8.Bd3 Rc8 9.
Rc1 Be7 10.Nf3 O-O 11.O-O h6 12.Bh4 Ne8 13.Bxe7 Qxe7 14.b4 Nd6 15.Qb3 Rfd8 16.
Rc2 Be8 17.Rfc1 Nb8 18.Ne5 Nd7 19.Nxd7 Qxd7 20.b5 Nc4 21.a4 a6 22.Qb4 Qd6 23.
Qxd6 Rxd6 24.h3 Kf8 25.bxa6 Rxa6 26.Nb5 Rxa4 27.Bxc4 Raxc4 28.Rxc4 Rxc4 29.Rb1
Bxb5 30.Rxb5 Rc7 31.Kf1 Ke8 32.Rb2 Kd8 33.Ke2 Kc8 34.Kd3 Rc1 35.f3 Kc7 36.Kd2
Rc4 37.Kd3 Kc6 38.e4 b5 39.exd5+ exd5 40.f4 b4 41.Ra2 b3 42.Rb2 Rb4 43.Kc3 Kb5
44.Rxb3 Rxb3+ 45.Kxb3 h5 46.g4 h4 47.g5 g6 48.Kc3 Ka4 49.Kd3 Kb4 50.Ke3 Kc4
51.f5 Kc3 52.f6 Kc4 53.Kf4 Kxd4 54.Kf3 Ke5 55.Ke3 0-1

[Event "Cto. Autonómico por Equipos 2007"]
[Site "Aragón"]
[Date "2007.03.17"]
[Round "8.56"]
[White "Gayan Miguel Angel"]
[Black "Aspas Aspas Mariano"]
[Result "1-0"]
[WhiteElo "1917"]
[BlackElo "1676"]

1.d4 Nf6 2.Nf3 g6 3.c4 Bg7 4.Nc3 d5 5.e3 O-O 6.Bd3 dxc4 7.Bxc4 a6 8.O-O b5 9.
Bd3 Bb7 10.a3 Nbd7 11.b4 Nb6 12.Bb2 Nc4 13.Bxc4 bxc4 14.Ne5 Ne4 15.Nxe4 Bxe4
16.f3 Bb7 17.Nxc4 Qd5 18.Rc1 Rfd8 19.Na5 Bc8 20.Rxc7 e5 21.Qb3 exd4 22.Qxd5
Rxd5 23.Nc6 Kf8 24.Bxd4 Bxd4 25.Nxd4 Bf5 26.Rfc1 Rad8 27.R7c6 Bd3 28.R1c3 Bb5
29.Nxb5 axb5 30.e4 Rd2 31.Rc8 Ke8 32.R3c5 Rxc8 33.Rxc8+ Kd7 34.Rc5 Ra2 35.Rxb5
Rxa3 36.Rb7+ Ke6 37.b5 Ra2 38.b6 Rb2 39.Rb8 Ke5 40.h3 Kf4 41.Kh2 h5 42.Rf8 f5
43.Rf6 Ke3 44.exf5 g5 45.Rg6 Kf4 46.f6 Rxb6 47.f7 1-0

[Event "Cto. Autonómico por Equipos 2007"]
[Site "Aragón"]
[Date "2007.03.17"]
[Round "8.57"]
[White "Hernandez Delgado Gabriel"]
[Black "Cantin Zaborras Valentin"]
[Result "0-1"]
[WhiteElo "2049"]
[BlackElo "2125"]

1.Nf3 d5 2.d4 Nf6 3.e3 Bf5 4.c4 c6 5.Qb3 Qb6 6.Nc3 e6 7.Be2 Na6 8.Qxb6 axb6 9.
a3 Nb4 10.O-O Nd3 11.Nh4 Nxc1 12.Rfxc1 Bg6 13.cxd5 exd5 14.Nxg6 hxg6 15.Bf3
Bd6 16.g3 Kd7 17.b4 Ra7 18.Rcb1 Rha8 19.Rb3 b5 20.Nb1 Ra4 21.Nc3 Rxb4 22.axb4
Rxa1+ 23.Kg2 Ke6 24.h3 Rc1 25.Na2 Rc2 26.Nc3 Bxb4 27.Nxd5 Nxd5 28.Bxd5+ Kxd5
29.Rxb4 Ra2 30.Kf3 f5 31.g4 Ra4 32.Rb2 Kc4 33.gxf5 gxf5 34.Kf4 b4 35.Kxf5 b3
36.f4 Kc3 37.Rb1 b2 38.Kg6 Kc2 39.Rxb2+ Kxb2 40.Kxg7 b5 41.f5 b4 42.f6 b3 43.
f7 Ra8 44.f8=Q Rxf8 45.Kxf8 Kc3 46.h4 b2 47.h5 b1=Q 48.Kg7 Kd3 49.h6 Kxe3 50.
h7 Qxh7+ 0-1

[Event "Cto. Autonómico por Equipos 2007"]
[Site "Aragón"]
[Date "2007.03.17"]
[Round "8.58"]
[White "Valiente Roy Jose Javier"]
[Black "Labrador FM"]
[Result "1-0"]
[WhiteElo "2079"]
[BlackElo "2005"]

1.d4 Nf6 2.c4 e6 3.Nc3 Bb4 4.a3 Bxc3+ 5.bxc3 c5 6.e3 O-O 7.Bd3 Nc6 8.Nf3 d6 9.
O-O Qe7 10.e4 e5 11.d5 Na5 12.Bg5 Bg4 13.Qa4 b6 14.Nd2 Bd7 15.Qd1 h6 16.Bh4 g5
17.Bg3 Kg7 18.a4 Rh8 19.Qe2 Rag8 20.Rfb1 h5 21.f3 h4 22.Bf2 Nh5 23.g4 hxg3 24.
hxg3 Kf8 25.Kf1 Nf4 26.Qe3 Rh1+ 27.Bg1 Bh3+ 28.Kf2 Nh5 29.Bf1 Bd7 30.Bg2 Rxg1
31.Rxg1 g4 32.Qh6+ Ng7 33.fxg4 Bxg4 34.Bh3 Bxh3 35.Qxh3 Qg5 36.Nf3 Qf6 37.Qh4
Qg6 38.Rh1 Nxc4 39.Ke2 Ne8 40.Rag1 Nf6 41.Qh6+ Qxh6 42.Rxh6 Kg7 43.Rh4 Re8 44.
Nd2 Na5 45.g4 Rg8 46.g5 Nd7 47.Rh6 Nb7 48.Nc4 Rh8 49.Nxd6 Nxd6 50.Rxd6 Rh2+
51.Kd3 Nf8 52.Kc4 Rh4 53.Re1 Rg4 54.a5 Rxg5 55.axb6 axb6 56.Rxb6 Rg4 57.Rb7
Kg8 58.Rb8 Kg7 59.Re8 f5 60.Rxe5 f4 61.d6 Kf7 62.Re7+ Kf6 63.e5+ Kg6 64.Kxc5
1-0

[Event "Cto. Autonómico por Equipos 2007"]
[Site "Aragón"]
[Date "2007.03.17"]
[Round "8.59"]
[White "Martin Barbero Roberto"]
[Black "Gutierrez Barrachina Jose A"]
[Result "1-0"]
[WhiteElo "1959"]
[BlackElo "1983"]

1.Nf3 d6 2.d4 g6 3.g3 Bg7 4.Bg2 Nd7 5.O-O e5 6.c4 e4 7.Ng5 h6 8.Nxe4 f5 9.Nec3
Qf6 10.Nd5 Qd8 11.Nbc3 c6 12.Nf4 Qf6 13.e4 Ne7 14.exf5 gxf5 15.Nh5 Qxd4 16.
Nxg7+ Qxg7 17.Qxd6 Qf6 18.Bf4 Qxd6 19.Bxd6 Ng6 20.Rfe1+ Kf7 21.c5 Re8 22.Rxe8
Kxe8 23.Re1+ Kf7 24.Bf1 Ndf8 25.Ne2 Ne6 26.Bh3 Ng7 27.Bg2 Ne6 28.h4 Ng7 29.Nd4
Be6 30.Nxe6 Nxe6 31.Bh3 Nd4 32.Kg2 Rg8 33.Kh1 h5 34.Rd1 Nf3 35.Bxf5 Re8 36.Bd3
Kf6 37.Bc4 Re4 38.b3 a5 39.Bc7 a4 40.Rd6+ Kg7 41.Rd7+ Kh6 42.Bg8 Nge5 43.Rh7+
Kg6 44.Bxe5 Rxe5 45.Rxb7 Rxc5 46.Bf7+ Kh6 47.Bc4 Ne5 48.Rb4 axb3 49.axb3 Ng4
50.Kg2 Rf5 51.Be6 Rxf2+ 52.Kg1 Rb2 53.Bxg4 hxg4 54.Rxg4 Rxb3 55.Kg2 Rc3 56.Kh3
c5 57.Rg8 Rc4 58.Rd8 Rc1 59.Kg4 c4 60.Rd6+ Kg7 61.Rc6 c3 62.Kg5 c2 63.Rc7+ Kf8
64.g4 Ke8 65.h5 Kd8 66.Rc3 Ke7 67.h6 Kf7 68.Rc7+ Kf8 69.h7 Rh1 70.Rxc2 Rxh7
71.Rc8+ Kg7 72.Rc7+ Kg8 73.Rxh7 Kxh7 74.Kf6 Kg8 75.Kg6 Kh8 76.Kf7 Kh7 77.g5
Kh8 78.Kg6 Kg8 79.Kh6 Kh8 80.g6 1-0